| 000 | 00311nam a2200085Ia 4500 | ||
|---|---|---|---|
| 008 | 160715s9999 xx 000 0 und d | ||
| 245 | 4 | _aThe graduates: It’s never too late | |
| 260 |
_bPhilippine Daily Inquirer _cApril 17, 2014 |
||
| 856 | _uhttp://entertainment.inquirer.net/139946/the-graduates-its-never-too-late | ||
| 999 |
_c297736 _d297736 |
||